[Event "Najdorf Memorial B"]
[Site "Warsaw POL"]
[Date "2021.07.11"]
[Round "2.8"]
[White "Iwaszkiewicz, Krzysztof"]
[Black "Bartnik, Michal"]
[Result "0-1"]
[WhiteElo "1706"]
[BlackElo "1407"]
[EventDate "2021.07.10"]
[PlyCount "100"]
[LiveChessVersion "1.4.8"]

1.d4 {[%clk 1:30:58]} 1...Nf6 {[%clk 1:30:53]} 2.Bf4 {[%clk 1:31:24]} 2...c5 
{[%clk 1:31:16]} 3.e3 {[%clk 1:31:47]} 3...cxd4 {[%clk 1:31:31]} 4.exd4 {[%clk
1:32:09]} 4...d5 {[%clk 1:31:56]} 5.c3 {[%clk 1:32:23]} 5...Nc6 {[%clk 1:32:01]} 
6.Nd2 {[%clk 1:32:46]} 6...Bf5 {[%clk 1:32:09]} 7.Ngf3 {[%clk 1:33:02]} 7...e6 
{[%clk 1:32:31]} 8.Bb5 {[%clk 1:33:08]} 8...Bd6 {[%clk 1:30:53]} 9.Bg3 O-O 
{[%clk 1:30:58]} 10.O-O {[%clk 1:33:35]} 10...h6 {[%clk 1:30:43]} 11.Nb3 {[%clk
1:32:37]} 11...Ne4 {[%clk 1:28:39]} 12.Bxd6 {[%clk 1:31:27]} 12...Qxd6 {[%clk
1:28:57]} 13.Bxc6 {[%clk 1:31:05]} 13...bxc6 {[%clk 1:29:01]} 14.Nfd2 {[%clk
1:29:57]} 14...Rab8 {[%clk 1:27:28]} 15.Nxe4 {[%clk 1:29:59]} 15...Bxe4 {[%clk
1:27:50]} 16.Qe2 {[%clk 1:30:24]} 16...Bg6 {[%clk 1:23:18]} 17.Nc5 {[%clk
1:30:44]} 17...Rfe8 {[%clk 1:22:13]} 18.f4 {[%clk 1:28:25]} 18...Re7 {[%clk
1:19:15]} 19.b4 {[%clk 1:28:34]} 19...f6 {[%clk 1:15:08]} 20.Qg4 {[%clk
1:28:52]} 20...Bf5 {[%clk 1:15:25]} 21.Qg3 {[%clk 1:29:18]} 21...Rbe8 {[%clk
1:15:28]} 22.Rae1 {[%clk 1:28:32]} 22...Bh7 {[%clk 1:11:31]} 23.Re2 {[%clk
1:28:57]} 23...Kf7 {[%clk 1:02:30]} 24.Rfe1 {[%clk 1:26:41]} 24...Bf5 {[%clk
1:01:21]} 25.Rb2 {[%clk 1:20:36]} 25...g5 {[%clk 1:00:11]} 26.fxg5 {[%clk
1:19:58]} 26...Qxg3 {[%clk 1:00:06]} 27.hxg3 {[%clk 1:20:27]} 27...hxg5 {[%clk
1:00:27]} 28.Rf2 {[%clk 1:19:36]} 28...Kg6 {[%clk 0:59:49]} 29.a4 {[%clk
1:18:29]} 29...Rh8 {[%clk 0:59:11]} 30.Rfe2 {[%clk 1:18:40]} 30...Rhe8 {[%clk
0:58:09]} 31.Kf2 {[%clk 1:19:01]} 31...e5 {[%clk 0:56:29]} 32.a5 {[%clk
1:08:11]} 32...Bg4 {[%clk 0:51:56]} 33.Re3 {[%clk 1:02:15]} 33...e4 {[%clk
0:49:36]} 34.c4 {[%clk 0:57:05]} 34...f5 {[%clk 0:40:17]} 35.cxd5 {[%clk
0:57:30]} 35...cxd5 {[%clk 0:40:38]} 36.Rc3 {[%clk 0:57:46]} 36...f4 {[%clk
0:40:11]} 37.Kg1 {[%clk 0:54:49]} 37...Rh8 {[%clk 0:39:59]} 38.gxf4 {[%clk
0:47:24]} 38...gxf4 {[%clk 0:40:04]} 39.Rf1 {[%clk 0:46:18]} 39...Kg5 {[%clk
0:39:46]} 40.Kf2 {[%clk 0:44:35]} 40...f3 {[%clk 0:32:03]} 41.Rg1 {[%clk
0:29:57]} 41...Kf4 {[%clk 0:29:24]} 42.Kf1 {[%clk 0:15:44]} 42...fxg2+ {[%clk
0:24:56]} 43.Kxg2 {[%clk 0:15:59]} 43...Bf3+ {[%clk 0:25:12]} 44.Kf1 {[%clk
0:15:37]} 44...Rh2 {[%clk 0:24:53]} 45.Rg8 {[%clk 0:10:48]} 45...e3 {[%clk
0:21:50]} 46.Rf8+ {[%clk 0:09:13]} 46...Kg3 {[%clk 0:21:55]} 47.Rg8+ {[%clk
0:09:21]} 47...Bg4 {[%clk 0:22:14]} 48.Rxg4+ {[%clk 0:06:16]} 48...Kxg4 {[%clk
0:22:28]} 49.Kg1 {[%clk 0:06:42]} 49...Rd2 {[%clk 0:22:06]} 50.Nb3 {[%clk
0:06:43]} 50...e2 {[%clk 0:22:09]} 0-1

[Event "Najdorf Memorial B"]
[Site "Warsaw POL"]
[Date "2021.07.11"]
[Round "2.9"]
[White "Obrycki, Tomasz"]
[Black "Janik, Marcin"]
[Result "0-1"]
[WhiteElo "1404"]
[BlackElo "1705"]
[EventDate "2021.07.10"]
[PlyCount "88"]
[LiveChessVersion "1.4.8"]

1.e4 {[%clk 1:30:57]} 1...c5 {[%clk 1:30:56]} 2.Nf3 {[%clk 1:31:04]} 2...g6 
{[%clk 1:31:21]} 3.d4 {[%clk 1:31:09]} 3...cxd4 {[%clk 1:31:44]} 4.Nxd4 {[%clk
1:31:18]} 4...Bg7 {[%clk 1:31:52]} 5.Nc3 {[%clk 1:31:06]} 5...Nc6 {[%clk
1:32:14]} 6.Be3 {[%clk 1:21:02]} 6...Nf6 {[%clk 1:32:39]} 7.Nb3 {[%clk 1:19:42]} 
7...d6 {[%clk 1:30:58]} 8.f3 {[%clk 1:17:22]} 8...Be6 {[%clk 1:29:48]} 9.g4 
{[%clk 1:13:51]} 9...h6 {[%clk 1:18:28]} 10.Be2 {[%clk 0:59:32]} 10...Qc8 
{[%clk 1:00:33]} 11.Qd2 {[%clk 0:57:39]} 11...Ne5 {[%clk 0:59:10]} 12.Nd4 
{[%clk 0:57:14]} 12...Nc4 {[%clk 0:57:07]} 13.Bxc4 {[%clk 0:57:26]} 13...Bxc4 
{[%clk 0:53:35]} 14.Nb3 {[%clk 0:55:31]} 14...Qc7 {[%clk 0:45:50]} 15.Bd4 
{[%clk 0:54:52]} 15...b5 {[%clk 0:31:15]} 16.Nd1 {[%clk 0:50:44]} 16...a5 
{[%clk 0:30:08]} 17.Nc1 {[%clk 0:49:56]} 17...e5 {[%clk 0:27:17]} 18.Be3 {[%clk
0:49:12]} 18...Be6 {[%clk 0:16:49]} 19.Nd3 {[%clk 0:45:27]} 19...d5 {[%clk
0:14:36]} 20.exd5 {[%clk 0:34:09]} 20...Bxd5 {[%clk 0:13:20]} 21.Qe2 {[%clk
0:30:25]} 21...O-O {[%clk 0:12:13]} 22.N1f2 {[%clk 0:30:13]} 22...e4 {[%clk
0:10:12]} 23.fxe4 {[%clk 0:30:12]} 23...Nxe4 {[%clk 0:09:59]} 24.Rf1 {[%clk
0:24:47]} 24...Nc3 {[%clk 0:07:59]} 25.Qd2 {[%clk 0:24:16]} 25...Rfe8 {[%clk
0:08:13]} 26.Nd1 {[%clk 0:24:10]} 26...Nxd1 {[%clk 0:05:54]} 27.Kxd1 {[%clk
0:24:24]} 27...Kh7 {[%clk 0:03:18]} 28.Kc1 {[%clk 0:23:28]} 28...Rad8 {[%clk
0:03:21]} 29.Bf4 {[%clk 0:22:05]} 29...Qc6 {[%clk 0:01:04]} 30.Kb1 {[%clk
0:21:08]} 30...Bc4 {[%clk 0:01:20]} 31.Rd1 {[%clk 0:20:51]} 31...Bxd3 {[%clk
0:01:40]} 32.cxd3 {[%clk 0:21:20]} 32...Qf6 {[%clk 0:00:46]} 33.g5 {[%clk
0:21:20]} 33...Qf5 {[%clk 0:00:35]} 34.gxh6 {[%clk 0:21:22]} 34...Bf6 {[%clk
0:00:36]} 35.Be3 {[%clk 0:21:16]} 35...b4 {[%clk 0:00:35]} 36.Bf4 {[%clk
0:20:30]} 36...Re7 {[%clk 0:00:39]} 37.Bg3 {[%clk 0:20:28]} 37...Red7 {[%clk
0:00:39]} 38.Kc2 {[%clk 0:20:07]} 38...Rc8+ {[%clk 0:00:48]} 39.Kb1 {[%clk
0:20:35]} 39...Rcd8 {[%clk 0:00:46]} 40.Kc2 {[%clk 0:21:03]} 40...Qc5+ {[%clk
0:01:04]} 41.Kb1 {[%clk 0:21:23]} 41...Rxd3 {[%clk 0:00:54]} 42.Qxd3 {[%clk
0:20:44]} 42...Rxd3 {[%clk 0:01:19]} 43.Rxd3 {[%clk 0:21:13]} 43...Qg1+ {[%clk
0:01:36]} 44.Kc2 {[%clk 0:21:35]} 44...Qxa1 {[%clk 0:01:58]} 0-1

[Event "Najdorf Memorial B"]
[Site "Warsaw POL"]
[Date "2021.07.11"]
[Round "2.10"]
[White "Leszczewicz, Karol"]
[Black "Krygiel, Konrad"]
[Result "1/2-1/2"]
[WhiteElo "1400"]
[BlackElo "1694"]
[EventDate "2021.07.10"]
[PlyCount "107"]
[LiveChessVersion "1.4.8"]

1.d4 {[%clk 1:30:56]} 1...d5 {[%clk 1:30:52]} 2.c4 {[%clk 1:30:29]} 2...e6 
{[%clk 1:31:11]} 3.Nc3 {[%clk 1:30:01]} 3...c5 {[%clk 1:30:10]} 4.e3 {[%clk
1:28:06]} 4...Nf6 {[%clk 1:30:20]} 5.Nf3 {[%clk 1:27:10]} 5...Nc6 {[%clk
1:30:40]} 6.Be2 {[%clk 1:25:45]} 6...dxc4 {[%clk 1:27:56]} 7.Bxc4 {[%clk
1:25:35]} 7...a6 {[%clk 1:27:53]} 8.a4 {[%clk 1:24:55]} 8...cxd4 {[%clk
1:21:59]} 9.exd4 {[%clk 1:21:45]} 9...Bb4 {[%clk 1:22:10]} 10.O-O {[%clk
1:21:07]} 10...h6 {[%clk 1:16:32]} 11.Qb3 {[%clk 1:04:59]} 11...O-O {[%clk
1:15:55]} 12.Rd1 {[%clk 1:04:43]} 12...Bd6 {[%clk 1:00:40]} 13.Ne2 {[%clk
0:47:26]} 13...Na5 {[%clk 0:49:09]} 14.Qd3 {[%clk 0:42:35]} 14...Nxc4 {[%clk
0:44:31]} 15.Qxc4 {[%clk 0:42:54]} 15...b5 {[%clk 0:44:58]} 16.Qc6 {[%clk
0:38:33]} 16...Rb8 {[%clk 0:44:25]} 17.Bf4 {[%clk 0:37:57]} 17...Bxf4 {[%clk
0:43:49]} 18.Nxf4 {[%clk 0:38:19]} 18...Bb7 {[%clk 0:44:07]} 19.Qc3 {[%clk
0:38:36]} 19...Nd5 {[%clk 0:32:30]} 20.Nxd5 {[%clk 0:38:33]} 20...Qxd5 {[%clk
0:32:45]} 21.axb5 {[%clk 0:38:02]} 21...axb5 {[%clk 0:31:59]} 22.Qc5 {[%clk
0:38:12]} 22...Ra8 {[%clk 0:24:47]} 23.Qxd5 {[%clk 0:38:17]} 23...Bxd5 {[%clk
0:25:09]} 24.Ne5 {[%clk 0:37:44]} 24...Rxa1 {[%clk 0:21:59]} 25.Rxa1 {[%clk
0:38:05]} 25...Rc8 {[%clk 0:22:09]} 26.b4 {[%clk 0:17:58]} 26...Rc2 {[%clk
0:21:41]} 27.f3 {[%clk 0:09:30]} 27...Rb2 {[%clk 0:18:30]} 28.Rc1 {[%clk
0:05:28]} 28...g5 {[%clk 0:08:08]} 29.Rc8+ {[%clk 0:04:27]} 29...Kg7 {[%clk
0:08:16]} 30.Rc7 {[%clk 0:04:43]} 30...Rxb4 {[%clk 0:07:28]} 31.Nxf7 {[%clk
0:04:59]} 31...Kf8 {[%clk 0:06:26]} 32.Nd6 {[%clk 0:02:45]} 32...Rb1+ {[%clk
0:06:19]} 33.Kf2 {[%clk 0:03:13]} 33...b4 34.Rf7+ {[%clk 0:03:10]} 34...Kg8 
{[%clk 0:06:46]} 35.Rc7 {[%clk 0:02:32]} 35...b3 {[%clk 0:05:30]} 36.Rc8+ 
{[%clk 0:02:43]} 36...Kg7 {[%clk 0:05:13]} 37.Rb8 {[%clk 0:03:04]} 37...Rb2+ 
{[%clk 0:04:30]} 38.Kg3 {[%clk 0:03:19]} 38...Rd2 {[%clk 0:04:06]} 39.Nb5 
{[%clk 0:02:58]} 39...Kf7 {[%clk 0:01:26]} 40.Nc3 {[%clk 0:02:59]} 40...Rd3 
{[%clk 0:00:36]} 41.Nxd5 {[%clk 0:02:58]} 41...exd5 {[%clk 0:01:05]} 42.Rb6 
{[%clk 0:03:27]} 42...Rxd4 {[%clk 0:00:50]} 43.Rxb3 {[%clk 0:03:51]} 43...Kg6 
{[%clk 0:00:37]} 44.Rb6+ {[%clk 0:03:48]} 44...Kg7 {[%clk 0:00:37]} 45.h3 
{[%clk 0:04:01]} 45...Rd2 {[%clk 0:00:47]} 46.Rd6 {[%clk 0:04:17]} 46...d4 
{[%clk 0:00:40]} 47.h4 {[%clk 0:03:35]} 47...gxh4+ {[%clk 0:00:38]} 48.Kxh4 
{[%clk 0:04:00]} 48...Rd1 {[%clk 0:00:57]} 49.Kg4 {[%clk 0:04:08]} 49...Rd2 
{[%clk 0:00:34]} 50.g3 {[%clk 0:04:25]} 50...Rd3 {[%clk 0:00:42]} 51.Kf4 {[%clk
0:04:50]} 51...h5 {[%clk 0:00:40]} 52.Kg5 {[%clk 0:01:37]} 52...Rxf3 {[%clk
0:00:46]} 53.Rxd4 {[%clk 0:02:00]} 53...Rxg3+ {[%clk 0:01:09]} 54.Kxh5 {[%clk
0:02:24]} 1/2-1/2

[Event "Najdorf Memorial B"]
[Site "Warsaw POL"]
[Date "2021.07.11"]
[Round "2.11"]
[White "Rutkowski, Piotr"]
[Black "Olcha, Dominik"]
[Result "1-0"]
[WhiteElo "1688"]
[BlackElo "1394"]
[EventDate "2021.07.10"]
[PlyCount "123"]
[LiveChessVersion "1.4.8"]

1.e4 {[%clk 1:30:56]} 1...e5 {[%clk 1:30:24]} 2.Nf3 {[%clk 1:31:20]} 2...Nc6 
{[%clk 1:31:19]} 3.Bc4 {[%clk 1:31:41]} 3...Nf6 {[%clk 1:31:43]} 4.d3 {[%clk
1:31:55]} 4...Be7 {[%clk 1:31:04]} 5.O-O {[%clk 1:32:14]} 5...d6 {[%clk
1:30:27]} 6.c3 {[%clk 1:32:33]} 6...O-O {[%clk 1:30:17]} 7.Re1 {[%clk 1:32:30]} 
7...Na5 {[%clk 1:28:11]} 8.Bb5 {[%clk 1:32:50]} 8...a6 {[%clk 1:27:14]} 9.Ba4 
{[%clk 1:33:13]} 9...b5 {[%clk 1:27:27]} 10.Bc2 {[%clk 1:33:36]} 10...c5 {[%clk
1:27:52]} 11.a4 {[%clk 1:30:36]} 11...Re8 {[%clk 1:23:18]} 12.axb5 {[%clk
1:30:00]} 12...c4 {[%clk 1:12:57]} 13.dxc4 {[%clk 1:27:12]} 13...Nxc4 {[%clk
1:12:49]} 14.Qe2 {[%clk 1:18:01]} 14...Nb6 {[%clk 1:07:41]} 15.Be3 {[%clk
1:14:05]} 15...Ng4 {[%clk 1:00:15]} 16.Bd2 {[%clk 1:10:22]} 16...axb5 {[%clk
0:48:46]} 17.Rxa8 {[%clk 1:10:28]} 17...Nxa8 {[%clk 0:49:15]} 18.h3 {[%clk
1:10:21]} 18...Nf6 {[%clk 0:48:51]} 19.Qxb5 {[%clk 1:10:36]} 19...Qb6 {[%clk
0:47:09]} 20.Na3 {[%clk 1:10:15]} 20...Qxb5 {[%clk 0:43:23]} 21.Nxb5 {[%clk
1:10:34]} 21...Ba6 {[%clk 0:43:34]} 22.Na7 {[%clk 1:06:27]} 22...Bb7 {[%clk
0:40:18]} 23.b4 {[%clk 1:01:51]} 23...Nb6 {[%clk 0:38:02]} 24.Bd3 {[%clk
1:00:14]} 24...Ra8 {[%clk 0:31:53]} 25.Nb5 {[%clk 0:59:31]} 25...Ba6 {[%clk
0:27:13]} 26.Be3 {[%clk 0:59:30]} 26...Nfd7 {[%clk 0:26:32]} 27.Ra1 {[%clk
0:59:15]} 27...Bd8 {[%clk 0:25:35]} 28.Bf1 {[%clk 0:58:53]} 28...Bxb5 {[%clk
0:24:17]} 29.Rxa8 {[%clk 0:59:13]} 29...Nxa8 {[%clk 0:24:44]} 30.Bxb5 {[%clk
0:59:32]} 30...Nf6 {[%clk 0:23:39]} 31.Bc6 {[%clk 0:58:57]} 31...Nc7 {[%clk
0:16:32]} 32.b5 {[%clk 0:58:15]} 32...Nxb5 {[%clk 0:12:48]} 33.Bxb5 {[%clk
0:57:59]} 33...Nxe4 {[%clk 0:13:15]} 34.c4 {[%clk 0:57:56]} 34...f5 {[%clk
0:13:30]} 35.Bc6 {[%clk 0:56:35]} 35...Nf6 {[%clk 0:10:53]} 36.Kf1 {[%clk
0:56:39]} 36...h6 {[%clk 0:09:42]} 37.Bd2 {[%clk 0:56:23]} 37...Kf7 {[%clk
0:09:47]} 38.Bb4 {[%clk 0:56:43]} 38...Ke6 {[%clk 0:09:14]} 39.Ke2 {[%clk
0:56:43]} 39...Bb6 {[%clk 0:09:04]} 40.Nd2 {[%clk 0:56:46]} 40...g5 {[%clk
0:06:28]} 41.Nb1 {[%clk 0:56:57]} 41...h5 {[%clk 0:04:05]} 42.Nc3 {[%clk
0:57:14]} 42...g4 {[%clk 0:03:06]} 43.Nd5 {[%clk 0:57:24]} 43...Nxd5 {[%clk
0:02:42]} 44.Bxd5+ {[%clk 0:57:34]} 44...Ke7 {[%clk 0:03:03]} 45.f3 {[%clk
0:57:03]} 45...g3 {[%clk 0:02:01]} 46.Kd3 {[%clk 0:57:22]} 46...h4 {[%clk
0:02:14]} 47.Kc3 {[%clk 0:57:14]} 47...Be3 {[%clk 0:02:12]} 48.Kb3 {[%clk
0:57:35]} 48...Bd4 {[%clk 0:01:37]} 49.Ka4 {[%clk 0:57:58]} 49...e4 {[%clk
0:01:52]} 50.fxe4 {[%clk 0:56:06]} 50...f4 {[%clk 0:01:45]} 51.e5 {[%clk
0:56:32]} 51...Bxe5 {[%clk 0:01:59]} 52.Kb5 {[%clk 0:56:49]} 52...Ke8 {[%clk
0:00:47]} 53.Kc6 {[%clk 0:57:04]} 53...Ke7 {[%clk 0:00:56]} 54.Bf3 {[%clk
0:57:01]} 54...Ke6 {[%clk 0:00:54]} 55.Be4 {[%clk 0:57:26]} 55...Ke7 {[%clk
0:01:16]} 56.Bd5 {[%clk 0:57:52]} 56...f3 {[%clk 0:01:34]} 57.Bxf3 {[%clk
0:58:14]} 57...Bf4 {[%clk 0:01:57]} 58.Kd5 {[%clk 0:58:19]} 58...Kd7 {[%clk
0:01:22]} 59.Ke4 {[%clk 0:57:53]} 59...Bg5 {[%clk 0:01:40]} 60.Kf5 {[%clk
0:58:14]} 60...Be7 {[%clk 0:02:04]} 61.Bd5 {[%clk 0:57:48]} 61...Bf8 {[%clk
0:02:17]} 62.Bd2 {[%clk 0:57:49]} 1-0

[Event "Najdorf Memorial B"]
[Site "Warsaw POL"]
[Date "2021.07.11"]
[Round "2.12"]
[White "Hertlein, Irena"]
[Black "Maciaszek, Karol"]
[Result "0-1"]
[WhiteElo "1643"]
[BlackElo "1386"]
[EventDate "2021.07.10"]
[PlyCount "82"]
[LiveChessVersion "1.4.8"]

1.e4 {[%clk 1:30:48]} 1...c5 {[%clk 1:30:49]} 2.Nf3 {[%clk 1:31:08]} 2...e6 
{[%clk 1:31:06]} 3.d4 {[%clk 1:31:22]} 3...cxd4 {[%clk 1:31:19]} 4.Nxd4 {[%clk
1:31:41]} 4...Nf6 {[%clk 1:30:54]} 5.Nc3 {[%clk 1:31:55]} 5...Nc6 {[%clk
1:30:57]} 6.Nxc6 {[%clk 1:32:06]} 6...bxc6 {[%clk 1:31:01]} 7.e5 {[%clk
1:32:15]} 7...Nd5 {[%clk 1:31:05]} 8.Ne4 {[%clk 1:32:31]} 8...Qc7 {[%clk
1:30:43]} 9.f4 {[%clk 1:32:38]} 9...Qb6 {[%clk 1:28:24]} 10.a3 {[%clk 1:30:46]} 
10...Ne3 {[%clk 1:24:01]} 11.Qd3 {[%clk 1:30:49]} 11...Nxf1 {[%clk 1:23:52]} 
12.Rxf1 {[%clk 1:31:06]} 12...Ba6 {[%clk 1:20:04]} 13.c4 {[%clk 1:30:51]} 
13...Rb8 {[%clk 1:15:32]} 14.b4 {[%clk 1:22:33]} 14...Be7 {[%clk 1:06:28]} 
15.Rf2 {[%clk 1:07:17]} 15...f5 {[%clk 0:58:26]} 16.Nd6+ {[%clk 1:03:30]} 
16...Bxd6 {[%clk 0:56:58]} 17.exd6 {[%clk 1:03:40]} 17...O-O {[%clk 0:54:59]} 
18.Kf1 {[%clk 0:54:07]} 18...Rf6 {[%clk 0:53:18]} 19.Bb2 {[%clk 0:52:02]} 
19...Rg6 {[%clk 0:53:15]} 20.Bd4 {[%clk 0:50:21]} 20...Qb7 {[%clk 0:45:56]} 
21.Rc1 {[%clk 0:48:16]} 21...Ra8 {[%clk 0:43:23]} 22.Rf3 {[%clk 0:35:21]} 
22...Qb8 {[%clk 0:41:06]} 23.Be5 {[%clk 0:35:24]} 23...Bb7 {[%clk 0:36:10]} 
24.Rg3 {[%clk 0:32:51]} 24...Qe8 {[%clk 0:34:39]} 25.Rc3 {[%clk 0:22:58]} 
25...a5 {[%clk 0:32:47]} 26.Qd4 {[%clk 0:09:42]} 26...axb4 {[%clk 0:30:43]} 
27.Rxg6 {[%clk 0:08:45]} 27...hxg6 {[%clk 0:30:32]} 28.Rb3 {[%clk 0:06:19]} 
28...Rxa3 {[%clk 0:23:21]} 29.Rxb4 {[%clk 0:03:49]} 29...Qa8 {[%clk 0:17:03]} 
30.Qb2 {[%clk 0:02:52]} 30...Ra2 {[%clk 0:14:27]} 31.Qb3 {[%clk 0:01:33]} 
31...Ra7 {[%clk 0:13:56]} 32.Qg3 {[%clk 0:00:36]} 32...Qe8 {[%clk 0:10:46]} 
33.Bd4 {[%clk 0:00:35]} 33...c5 {[%clk 0:10:38]} 34.Bxc5 {[%clk 0:00:38]} 
34...Ra1+ {[%clk 0:10:58]} 35.Kf2 {[%clk 0:00:33]} 35...Ra2+ {[%clk 0:11:07]} 
36.Ke1 {[%clk 0:00:41]} 36...Rxg2 37.Qb3 {[%clk 0:00:47]} 37...Qa8 {[%clk
0:08:09]} 38.Rxb7 {[%clk 0:00:42]} 38...Qa1+ {[%clk 0:08:32]} 39.Qb1 {[%clk
0:01:06]} 39...Qc3+ {[%clk 0:08:58]} 40.Kf1 {[%clk 0:01:32]} 40...Qf3+ {[%clk
0:09:23]} 41.Ke1 {[%clk 0:01:40]} 41...Qe2# {[%clk 0:09:18]} 0-1

[Event "Najdorf Memorial B"]
[Site "Warsaw POL"]
[Date "2021.07.11"]
[Round "2.13"]
[White "Zdybel, Tomasz"]
[Black "Dropia, Rafal"]
[Result "0-1"]
[WhiteElo "1400"]
[BlackElo "1634"]
[EventDate "2021.07.10"]
[PlyCount "48"]
[LiveChessVersion "1.4.8"]

1.e4 {[%clk 1:30:59]} 1...c5 {[%clk 1:30:56]} 2.Nc3 {[%clk 1:31:11]} 2...Nc6 
{[%clk 1:31:08]} 3.g3 {[%clk 1:31:33]} 3...g6 {[%clk 1:30:35]} 4.Bg2 {[%clk
1:31:58]} 4...Bg7 {[%clk 1:31:00]} 5.d3 {[%clk 1:32:24]} 5...e5 {[%clk 1:31:02]} 
6.Be3 {[%clk 1:32:20]} 6...d6 {[%clk 1:31:17]} 7.Qd2 {[%clk 1:32:47]} 7...Be6 
{[%clk 1:30:22]} 8.Nge2 {[%clk 1:32:48]} 8...Qd7 {[%clk 1:27:30]} 9.O-O {[%clk
1:26:53]} 9...h5 {[%clk 1:23:48]} 10.h4 {[%clk 1:24:40]} 10...Nh6 {[%clk
1:21:33]} 11.f3 {[%clk 1:23:23]} 11...f5 {[%clk 1:10:37]} 12.Nd5 {[%clk
1:22:26]} 12...Bxd5 {[%clk 1:08:59]} 13.exd5 {[%clk 1:22:46]} 13...Nd4 {[%clk
1:09:26]} 14.Nc1 {[%clk 1:18:11]} 14...f4 {[%clk 1:03:06]} 15.gxf4 {[%clk
1:14:00]} 15...Nhf5 {[%clk 1:03:01]} 16.Bf2 {[%clk 1:10:08]} 16...Bh6 {[%clk
0:58:43]} 17.c3 {[%clk 1:09:41]} 17...Bxf4 {[%clk 0:57:53]} 18.Qd1 {[%clk
1:10:10]} 18...Ne3 {[%clk 0:56:22]} 19.Bxe3 {[%clk 1:08:24]} 19...Bxe3+ {[%clk
0:56:51]} 20.Kh1 {[%clk 1:08:44]} 20...Qe7 {[%clk 0:54:14]} 21.Bh3 {[%clk
1:07:09]} 21...Qxh4 {[%clk 0:53:17]} 22.Kg2 {[%clk 1:07:02]} 22...Qg5+ {[%clk
0:45:53]} 23.Kh1 {[%clk 1:07:21]} 23...Qg3 {[%clk 0:44:56]} 24.Bg2 {[%clk
1:07:24]} 24...Qh4+ {[%clk 0:45:15]} 0-1

[Event "Najdorf Memorial B"]
[Site "Warsaw POL"]
[Date "2021.07.11"]
[Round "2.14"]
[White "Kopaniewski, Wojciech"]
[Black "Kopaniewski, Jakub"]
[Result "1/2-1/2"]
[WhiteElo "1389"]
[BlackElo "1634"]
[EventDate "2021.07.10"]
[PlyCount "102"]
[LiveChessVersion "1.4.8"]

1.e4 {[%clk 1:30:58]} 1...d6 {[%clk 1:30:53]} 2.d4 {[%clk 1:31:20]} 2...Nf6 
{[%clk 1:31:18]} 3.Nc3 {[%clk 1:31:38]} 3...e5 {[%clk 1:31:10]} 4.Nf3 {[%clk
1:32:02]} 4...Nbd7 {[%clk 1:31:27]} 5.Bc4 {[%clk 1:32:20]} 5...Be7 {[%clk
1:31:55]} 6.O-O {[%clk 1:32:32]} 6...c6 {[%clk 1:31:55]} 7.a4 {[%clk 1:32:51]} 
7...O-O {[%clk 1:29:43]} 8.h3 {[%clk 1:32:46]} 8...Qc7 {[%clk 1:29:53]} 9.Re1 
{[%clk 1:32:50]} 9...b6 {[%clk 1:29:32]} 10.Bg5 {[%clk 1:31:20]} 10...a6 {[%clk
1:20:03]} 11.Bb3 {[%clk 1:22:03]} 11...Bb7 {[%clk 1:16:10]} 12.Qd2 {[%clk
1:20:53]} 12...b5 {[%clk 1:14:07]} 13.axb5 {[%clk 1:21:16]} 13...axb5 {[%clk
1:09:31]} 14.Rxa8 {[%clk 1:21:40]} 14...Bxa8 {[%clk 1:09:52]} 15.Qe3 {[%clk
1:19:19]} 15...h6 {[%clk 0:56:56]} 16.Bh4 {[%clk 1:18:05]} 16...b4 {[%clk
0:51:31]} 17.Ne2 {[%clk 1:18:18]} 17...c5 {[%clk 0:51:48]} 18.dxe5 {[%clk
1:18:28]} 18...dxe5 {[%clk 0:50:47]} 19.Nd2 {[%clk 1:15:05]} 19...c4 {[%clk
0:41:00]} 20.Bxc4 {[%clk 1:11:29]} 20...Bxe4 {[%clk 0:32:29]} 21.Bxf6 {[%clk
1:02:32]} 21...Nxf6 {[%clk 0:32:46]} 22.Nxe4 {[%clk 1:02:32]} 22...Qxc4 {[%clk
0:33:05]} 23.Nxf6+ {[%clk 1:02:52]} 23...Bxf6 {[%clk 0:33:16]} 24.c3 {[%clk
1:03:15]} 24...b3 {[%clk 0:32:54]} 25.Ra1 {[%clk 1:02:51]} 25...Rd8 {[%clk
0:32:53]} 26.Ng3 {[%clk 1:01:56]} 26...Qd5 {[%clk 0:26:30]} 27.Ne4 {[%clk
1:01:14]} 27...Be7 {[%clk 0:25:19]} 28.Qf3 {[%clk 0:57:10]} 28...f5 {[%clk
0:22:03]} 29.Qxf5 {[%clk 0:55:46]} 29...Rf8 {[%clk 0:22:21]} 30.Qg6 {[%clk
0:55:46]} 30...Rf4 {[%clk 0:18:51]} 31.Qe8+ {[%clk 0:52:43]} 31...Bf8 {[%clk
0:18:59]} 32.f3 {[%clk 0:52:57]} 32...Kh7 {[%clk 0:18:33]} 33.Ra8 {[%clk
0:51:24]} 33...Qd1+ {[%clk 0:13:20]} 34.Kh2 {[%clk 0:51:20]} 34...Qc2 {[%clk
0:13:12]} 35.Qxe5 {[%clk 0:49:07]} 35...Rxf3 {[%clk 0:12:11]} 36.c4 {[%clk
0:49:25]} 36...Rf1 {[%clk 0:09:31]} 37.c5 {[%clk 0:47:56]} 37...Qb1 {[%clk
0:07:39]} 38.Ng3 {[%clk 0:48:08]} 38...Re1 {[%clk 0:04:45]} 39.Qb8 {[%clk
0:47:14]} 39...Be7 {[%clk 0:02:41]} 40.Qxb3 {[%clk 0:47:10]} 40...Bf6 {[%clk
0:01:56]} 41.Qg8+ {[%clk 0:45:28]} 41...Kg6 {[%clk 0:02:24]} 42.Re8 {[%clk
0:45:15]} 42...Rc1 {[%clk 0:01:24]} 43.Qd5 {[%clk 0:45:02]} 43...Bxb2 {[%clk
0:00:55]} 44.Re4 {[%clk 0:44:32]} 44...Bf6 {[%clk 0:00:46]} 45.c6 {[%clk
0:44:00]} 45...Qb6 {[%clk 0:00:46]} 46.Qh5+ {[%clk 0:44:11]} 46...Kh7 {[%clk
0:01:14]} 47.Qf5+ {[%clk 0:44:35]} 47...g6 {[%clk 0:01:19]} 48.Qd7+ {[%clk
0:44:39]} 48...Bg7 {[%clk 0:01:48]} 49.Ne2 {[%clk 0:45:00]} 49...Rxc6 50.Re7 
Qb8+ 51.g3 Qf8 1/2-1/2